LEADER 01192nam a2200265 4500 001 000000346113 003 CaOOAMICUS 005 20250131125543.0 008 210520s2007 xxu 000 u eng r 020 $a978-0-664-22775-3 040 $aSeMil$bita 100 1 $aHayes, John Haralson,$d<1934-2013>.$0(OLS)http://semarc/name/113912 245 10$aBiblical exegesis :$ba beginner's handbook /$cJohn H. Hayes, Carl R. Holladay. 250 $a3. Ed. 264 1$aLouisville ;$aLondon :$bWestminster John Knox Press,$c2007. 300 $axi, 236 p. ;$c23 cm 650 4$aEsegesi biblica.$0(OLS)http://semarc/subject/1980 650 4$aBibbia - Interpretazione.$0(OLS)http://semarc/subject/1295 700 1 $aHolladay, Carl R.,$d<1943- >.$0(OLS)http://semarc/name/113913 850 $aSeMil 852 $aSeMil$W1$xVenegono$y1$m2W IV 107$j270232$B237161$CSeMilBibl$Z2$F237161 $81 996 $6020$a978-0-664-22775-3$9(OLS)http://semarc/number/293261 996 $6245$aBiblical exegesis :$ba beginner's handbook$9(OLS)http://semarc/title/435321 996 $6264$aLouisville ;$aLondon :$bWestminster John Knox Press$9(OLS)http://semarc/publisher/59613 LEADER 01586nam a2200313 i 4500 001 000000045540 003 CaOOAMICUS 005 20140217000000.0 008 140217s1995 xx u000 u ger u 013 $a16710 020 $a88-7652-685-4 040 $aSeMil$bita 100 1 $aMuser, Ivo .$0(OLS)http://semarc/name/22642 245 14$aDas mariologische Prinzip "gottesbräutliche Mutterschaft" und das Verständnis der Kirche bei M. J. Scheeben /$cIvo Muser. 260 $aRoma :$bPontificia Università Gregoriana,$c1995. 300 $aXIII, 225 p. ;$c23 cm. 490 0 $aAnalecta Gregoriana ;$v267 490 0 $aAnalecta Gregoriana. Series Facultatis Theologiae. Sectio B ;$v90 600 14$aScheeben, Matthias Joseph <1835-1888>.$0(OLS)http://semarc/subject/9238 650 4$aMadonna - Maternità divina.$0(OLS)http://semarc/subject/6171 650 4$aMariologia.$0(OLS)http://semarc/subject/451 830 0$aAnalecta Gregoriana ;$v267.$0(OLS)http://semarc/title/9 830 0$aAnalecta Gregoriana. Series Facultatis Theologiae. Sectio B ;$v90.$0(OLS)http://semarc/title/14379 850 $aSeMil 852 $aSeMil$W1$xVenegono$y1$m2N V 367$j11695$B11695$CSeMilBibl$Z2$F11695 $81 961 $aAcquisto: Casa editrice 996 $6020$a88-7652-685-4$9(OLS)http://semarc/number/17768 996 $6245$aDas mariologische Prinzip "gottesbräutliche Mutterschaft" und das Verständnis der Kirche bei M. J. Scheeben$9(OLS)http://semarc/title/67727 996 $6260$aRoma :$bPontificia Università Gregoriana$9(OLS)http://semarc/publisher/29750